000 01147cam a22003257a 4500
003 CHAP
005 20250506093640.0
008 010926d2000 mx r 00110 spa d
010 _a86326
011 _a87298
035 _a97841
040 _cCHAP
082 0 0 _a634.775
_bG3
100 1 0 _aGallegos Vázquez, Clemente
_944424
245 1 3 _aLa tuna :
_bcriterios y técnicas para su producción comercial
_c/por Clemente Gallegos Vázquez y Santiago de Jesús Méndez Gallegos
260 _aChapingo, Méx. :
_bUACH.,
_c2000.
300 _a164 p. :
_bilus.
590 _aBATCH-UPD
_b10
_c20130110
_lUCH01
_h1021
590 _aBATCH-UPD
_b10
_c20130410
_lUCH01
_h0627
590 _aBATCH-UPD
_b10
_c20130914
_lUCH01
_h1543
590 _aCONVERSION
_b10
_c20130109
_lUCH01
_h1348
650 1 4 _aTuna.
_9115544
650 1 4 _aTuna
_xRendimiento.
_9115562
700 0 _aMéndez Gallegos, Santiago de Jesús.
901 _aBK
905 _aAlejandra Carrasco M.
942 _cLIBRO
949 _a634.775 G3
_bBC
_cLIBRO
_d33724000933933
_eLIBRO
_fc.2
_gDonaciØn
_h103332 rep.
_i97841
_si
949 _a634.775 G3
_bBC
_cUACH
_d33724000878252
_eUACH
_h103055
_i97841
_sb
999 _c86326
_d86326